Statistics for NBA Scoring Champs Quiz

Click here to take the quiz!

General Stats

  • This quiz has been taken 108,433 times
    (40,728 since last reset)
  • The average score is 16 of 34

Answer Stats

YearsPlayer% Correct
2008LeBron James
97%
1987, 1988, 1989, 1990, 1991, 1992, 1993, 1996, 1997, 1998Michael Jordan
95%
2018, 2019, 2020James Harden
94%
2016Stephen Curry
94%
2006, 2007Kobe Bryant
93%
1970Jerry West
91%
2010, 2011, 2012, 2014Kevin Durant
91%
1960, 1961, 1962, 1963, 1964, 1965, 1966Wilt Chamberlain
88%
2015, 2017Russell Westbrook
87%
1995, 2000Shaquille O'Neal
84%
1971, 1972Kareem Abdul-Jabbar
78%
1999, 2001, 2002, 2005Allen Iverson
71%
2009Dwyane Wade
66%
2013Carmelo Anthony
54%
1994David Robinson
49%
2003, 2004Tracy McGrady
48%
1956, 1959Bob Pettit
38%
1949, 1950, 1951George Mikan
29%
1986Dominique Wilkins
27%
1978, 1979, 1980, 1982George Gervin
26%
1983Alex English
22%
1977Pete Maravich
22%
1974, 1975, 1976Bob McAdoo
21%
1969Elvin Hayes
19%
1967Rick Barry
19%
1985Bernard King
16%
1981, 1984Adrian Dantley
13%
1973Nate Archibald
11%
1952, 1957Paul Arizin
9%
1947Joe Fulks
8%
1968Dave Bing
6%
1953, 1954, 1955Neil Johnston
5%
1958George Yardley
4%
1948Max Zaslofsky
4%

Score Distribution

Percentile by Number Answered

Percent of People with Each Score

Your Score History

You have not taken this quiz since the last reset